[Event "Kort Paaske 1 2012"]
[Site "Helsingor"]
[Date "2012.04.06"]
[Round "3"]
[White "Yildiz, Hasan"]
[Black "Yssing, Klaus"]
[Result "1-0"]
[WhiteElo "1949"]
[BlackElo "1945"]
[PlyCount "135"]
[EventDate "2012.??.??"]
[EventCountry "DEN"]

1. Nf3 d5 2. d3 Bf5 3. g3 Nf6 4. Bg2 e6 5. O-O h6 6. Re1 c6 7. Nbd2 Be7 8. c3
O-O 9. a4 Bh7 10. Qc2 Nbd7 11. b4 a5 12. Ba3 Qc7 13. Reb1 Rfc8 14. Qb3 axb4 15.
cxb4 b6 16. Rc1 Qa7 17. Bb2 c5 18. b5 Qc7 19. Qc3 Ne8 20. e4 Bf6 21. e5 Be7 22.
Nb3 f6 23. d4 Be4 24. Nbd2 fxe5 25. Nxe4 exd4 26. Nxd4 cxd4 27. Qxd4 Qb7 28.
Nc3 Bf6 29. Qg4 Nc5 30. Re1 Kh8 31. Nd1 Qf7 32. Bxf6 Nxf6 33. Qe2 Nfe4 34. Nb2
Rf8 35. f4 Qf6 36. Qc2 Qd4+ 37. Kf1 Rac8 38. Rad1 Qb4 39. Nd3 Qc3 40. Qxc3 Nxc3
41. Nxc5 Rxc5 42. Rd4 Rf6 43. Kf2 g5 44. Bf3 Kg7 45. h4 gxh4 46. gxh4 Kf8 47.
Rg1 Na2 48. h5 Rc2+ 49. Kg3 Rc3 50. Rf1 Nc1 51. Kg4 Ke7 52. Re1 Kd6 53. Red1
Kc5 54. Bxd5 Ne2 55. Re4 Ng3 56. Rxe6 Rf8 57. Rc6+ Kb4 58. Rxc3 Kxc3 59. Kxg3
Kb4 60. Rd4+ Kc5 61. Rd1 Kb4 62. Bc6 Kxa4 63. Rd6 Rh8 64. f5 Kb4 65. f6 Rg8+
66. Kf4 Rg1 67. f7 Rf1+ 68. Bf3 1-0

[Event "Kort Paaske 1 2012"]
[Site "Helsingor"]
[Date "2012.04.06"]
[Round "3"]
[White "Grau, Peter"]
[Black "Tandrup, Michael"]
[Result "1/2-1/2"]
[WhiteElo "2034"]
[BlackElo "1920"]
[PlyCount "133"]
[EventDate "2012.??.??"]
[EventCountry "DEN"]

1. e4 c5 2. Nf3 d6 3. d4 cxd4 4. Nxd4 Nf6 5. Nc3 a6 6. Bg5 e6 7. f4 Qb6 8. Qd2
Qxb2 9. Rb1 Qa3 10. Be2 Nbd7 11. O-O Be7 12. Kh1 Qc5 13. f5 e5 14. Nb3 Qc7 15.
Bxf6 Nxf6 16. Nd5 Nxd5 17. Qxd5 Qc6 18. Bc4 Qxd5 19. Bxd5 Bd8 20. Nd2 Rb8 21.
Bc6+ Ke7 22. Nc4 Bc7 23. Bd5 b5 24. Nd2 Bb7 25. Bxb7 Rxb7 26. Rf3 Ba5 27. Nf1
Bb6 28. f6+ gxf6 29. Ng3 Rc8 30. Nf5+ Ke6 31. Ng7+ Ke7 32. Nh5 Rxc2 33. Nxf6
Rxa2 34. Rbf1 Bd4 35. Nxh7 Ke8 36. Nf6+ Kd8 37. h4 Ra1 38. h5 Rxf1+ 39. Rxf1
Be3 40. Nd5 Bg5 41. Ra1 Ra7 42. Kh2 Kd7 43. Kg3 Kc6 44. Kg4 f6 45. Kf5 Kc5 46.
g4 b4 47. Nxf6 Bd2 48. g5 b3 49. h6 Kc4 50. h7 Rxh7 51. Nxh7 b2 52. Rb1 Kc3 53.
g6 Bh6 54. Nf6 Kc2 55. Rxb2+ Kxb2 56. Ne8 a5 57. Nxd6 a4 58. Kxe5 Kb3 59. Nb5
Kc4 60. Na3+ Kb3 61. Kf6 Kxa3 62. e5 Kb3 63. e6 a3 64. e7 a2 65. e8=Q a1=Q+ 66.
Kf7 Qa7+ 67. Qe7 1/2-1/2

[Event "Kort Paaske 1 2012"]
[Site "Helsingor"]
[Date "2012.04.06"]
[Round "3"]
[White "Sorensen, Per Settergren"]
[Black "Bonnez, Finn"]
[Result "1-0"]
[WhiteElo "2008"]
[BlackElo "1926"]
[PlyCount "91"]
[EventDate "2012.??.??"]
[EventCountry "DEN"]

1. e4 e5 2. Nf3 Nc6 3. Bb5 d6 4. O-O Bd7 5. c3 g6 6. d4 Bg7 7. Bg5 Qc8 8. Nbd2
exd4 9. Bxc6 bxc6 10. cxd4 h6 11. Be3 Ne7 12. Rc1 O-O 13. e5 Nd5 14. Nc4 Nxe3
15. fxe3 Qb8 16. Rf2 a5 17. Qa4 Ra7 18. Qa3 d5 19. Nxa5 Re8 20. Qc3 c5 21. Qxc5
Qb6 22. b4 Qxc5 23. dxc5 Bxe5 24. c6 Bf5 25. Nxe5 Rxe5 26. Rc3 Re8 27. Rd2 Be4
28. a3 f5 29. Nb7 g5 30. g3 Rea8 31. Na5 Rf8 32. Rf2 Raa8 33. Nb7 f4 34. gxf4
gxf4 35. exf4 d4 36. Rg3+ Kh8 37. b5 Rg8 38. Nc5 Bd5 39. a4 Rge8 40. Rd2 Re1+
41. Kf2 Rc1 42. Na6 Bxc6 43. Nxc7 Rc8 44. Ne6 Bd5 45. Nxd4 R1c4 46. Ne2 1-0

[Event "Kort Paaske 1 2012"]
[Site "Helsingor"]
[Date "2012.04.06"]
[Round "3"]
[White "Lindestrom, Torsten"]
[Black "Kirknel, Thomas"]
[Result "1/2-1/2"]
[WhiteElo "2131"]
[BlackElo "2144"]
[PlyCount "68"]
[EventDate "2012.??.??"]
[EventCountry "DEN"]

1. d4 Nf6 2. c4 e6 3. g3 d5 4. Bg2 dxc4 5. Nf3 a6 6. O-O b5 7. Ne5 Nd5 8. a4
Bb7 9. axb5 axb5 10. Rxa8 Bxa8 11. e4 Nf6 12. Nc3 c6 13. d5 Bd6 14. Ng4 Nxg4
15. Qxg4 Qf6 16. dxc6 Bxc6 17. Bg5 Qg6 18. Rd1 Bc7 19. Qf4 O-O 20. Qxc7 Qxg5
21. h4 Qc5 22. Rd8 Rxd8 23. Qxd8+ Qf8 24. Qb6 b4 25. Na2 b3 26. Nc3 h6 27. Bf1
Qd6 28. Bxc4 Nd7 29. Qxb3 Nc5 30. Qc2 Qd4 31. Nb5 Qe5 32. Nc3 Nxe4 33. Nxe4
Bxe4 34. Qe2 Qd4 1/2-1/2

[Event "Kort Paaske 1 2012"]
[Site "Helsingor"]
[Date "2012.04.07"]
[Round "4"]
[White "Olsen, Michael Richard W"]
[Black "Frank Nielsen, Marie"]
[Result "1-0"]
[WhiteElo "1938"]
[BlackElo "1978"]
[PlyCount "117"]
[EventDate "2012.??.??"]
[EventCountry "DEN"]

1. e4 c5 2. Nf3 e6 3. d4 cxd4 4. c3 dxc3 5. Nxc3 d6 6. Bc4 a6 7. a4 Nc6 8. O-O
Nge7 9. Bg5 Qc7 10. Rc1 Qb8 11. Qe2 h6 12. Be3 Ng6 13. Bb6 Be7 14. Rfd1 O-O 15.
a5 Bd7 16. Rd2 Nge5 17. Rcd1 Nxf3+ 18. gxf3 Ne5 19. Ba2 Bc6 20. f4 Nd7 21. Be3
Nf6 22. f3 Qe8 23. Kh1 Kh8 24. Bb6 Nd7 25. Bc7 d5 26. Bb1 dxe4 27. Nxe4 Qc8 28.
Bd6 Bxd6 29. Nxd6 Qc7 30. b4 Nf6 31. Kg1 Nd5 32. Qe5 Nf6 33. Kf2 Qe7 34. Nf5
Qxb4 35. Nxg7 Qb3 36. Rd3 Nd7 37. Qa1 Qa4 38. Qc3 Qxf4 39. Nxe6+ Qe5 40. Nxf8
Qxc3 41. Rxc3 Nxf8 42. Bf5 Re8 43. Re3 Rb8 44. Rd6 Kg7 45. f4 Ng6 46. Bxg6 fxg6
47. Re7+ Kf8 48. Rh7 Kg8 49. Rc7 Be4 50. Rcd7 g5 51. Rd8+ Rxd8 52. Rxd8+ Kf7
53. fxg5 hxg5 54. Ke3 Bc6 55. Kd4 Kf6 56. Rf8+ Ke6 57. Rf1 g4 58. Rf4 Bf3 59.
h3 1-0

[Event "Kort Paaske 1 2012"]
[Site "Helsingor"]
[Date "2012.04.07"]
[Round "4"]
[White "Lindestrom, Torsten"]
[Black "Sigeman, Johan"]
[Result "1/2-1/2"]
[WhiteElo "2131"]
[BlackElo "2148"]
[PlyCount "91"]
[EventDate "2012.??.??"]
[EventCountry "DEN"]

1. d4 Nf6 2. c4 e6 3. g3 Bb4+ 4. Bd2 Qe7 5. Bg2 O-O 6. Nf3 Nc6 7. O-O Bxd2 8.
Qxd2 d6 9. Nc3 e5 10. d5 Nb8 11. e4 a5 12. a3 Na6 13. b4 Bg4 14. Qb2 Bxf3 15.
Bxf3 b6 16. Be2 Nb8 17. Bd3 Nbd7 18. Rfc1 Rfb8 19. Qe2 Qd8 20. Nb5 Ne8 21. h4
Qe7 22. Kg2 Rc8 23. Qe3 Nef6 24. Be2 Kf8 25. g4 Ng8 26. g5 Qd8 27. Bg4 Ne7 28.
h5 Ng8 29. Rf1 h6 30. f4 axb4 31. axb4 Rxa1 32. Rxa1 exf4 33. Qxf4 hxg5 34. Qf5
Ngf6 35. Na7 Nxg4 36. Qxg4 Ra8 37. Nc6 Qe8 38. Rxa8 Qxa8 39. Qxd7 Qa2+ 40. Kg3
Qb3+ 41. Kg4 Qd1+ 42. Kxg5 Qd2+ 43. Kh4 Qf2+ 44. Kg5 Qe3+ 45. Kh4 Qf2+ 46. Kh3
1/2-1/2

[Event "Kort Paaske 1 2012"]
[Site "Helsingor"]
[Date "2012.04.07"]
[Round "4"]
[White "Kirknel, Thomas"]
[Black "Jensen, Thore Nyboe"]
[Result "1/2-1/2"]
[WhiteElo "2144"]
[BlackElo "1926"]
[PlyCount "106"]
[EventDate "2012.??.??"]
[EventCountry "DEN"]

1. e4 c5 2. Nf3 d6 3. d4 cxd4 4. Nxd4 Nf6 5. Nc3 a6 6. Be2 e6 7. O-O Be7 8. Qd3
O-O 9. Qg3 Nbd7 10. Bh6 Ne8 11. Be3 Qc7 12. f4 b5 13. f5 Ne5 14. fxe6 fxe6 15.
Qh3 Bf6 16. Rf2 b4 17. Na4 Rb8 18. Raf1 Qe7 19. b3 Nc7 20. Nb2 Bb7 21. Bd3 Nxd3
22. cxd3 d5 23. e5 Bxe5 24. Rxf8+ Rxf8 25. Rxf8+ Kxf8 26. Qxh7 Qf6 27. Qh8+ Ke7
28. Nf3 Kd7 29. Na4 d4 30. Bg5 Qf5 31. Qd8+ Kc6 32. Qe7 Bf6 33. Qxb4 Nb5 34.
Qc4+ Kd6 35. Qb4+ Kc7 36. Bxf6 Qxf6 37. Qc5+ Kb8 38. Nb6 Qf4 39. Nd7+ Ka8 40.
Nb6+ Kb8 41. Nd7+ Ka8 42. Qe5 Qe3+ 43. Kh1 Qc1+ 44. Ne1 Qc7 45. Qxg7 Bc8 46. a4
Nd6 47. Qxd4 Bxd7 48. h3 Nf5 49. Qe4+ Bc6 50. Qxe6 Ng3+ 51. Kh2 Ne2+ 52. Kh1
Ng3+ 53. Kh2 Ne2+ 1/2-1/2

[Event "Kort Paaske 1 2012"]
[Site "Helsingor"]
[Date "2012.04.07"]
[Round "4"]
[White "Larsen, Ole Bogh"]
[Black "Surender, Anil"]
[Result "1/2-1/2"]
[WhiteElo "2120"]
[BlackElo "1993"]
[PlyCount "42"]
[EventDate "2012.??.??"]
[EventCountry "DEN"]

1. d4 g6 2. e4 Bg7 3. Nf3 d6 4. c3 Nd7 5. Bd3 e6 6. Bg5 Ne7 7. O-O a6 8. Qe2 b6
9. Nbd2 Bb7 10. Rfe1 h6 11. Bh4 O-O 12. Rad1 g5 13. Bg3 Ng6 14. h3 e5 15. dxe5
dxe5 16. Bc4 Qe7 17. Nh2 Nc5 18. Qh5 b5 19. Bd5 Bxd5 20. exd5 Nd3 21. Re3 Ndf4
1/2-1/2

[Event "Kort Paaske 1 2012"]
[Site "Helsingor"]
[Date "2012.04.07"]
[Round "4"]
[White "Yildiz, Hasan"]
[Black "Kragh, Niels Kristian"]
[Result "1/2-1/2"]
[WhiteElo "1949"]
[BlackElo "2112"]
[PlyCount "106"]
[EventDate "2012.??.??"]
[EventCountry "DEN"]

1. Nf3 f5 2. d3 Nc6 3. g3 e5 4. Bg5 Nf6 5. Nbd2 Bc5 6. Bg2 O-O 7. O-O d6 8. c3
a5 9. a4 Be6 10. e4 Qd7 11. Re1 fxe4 12. dxe4 Ng4 13. Be3 Nxe3 14. fxe3 Bg4 15.
Nc4 Qf7 16. Ncd2 Kh8 17. h3 Be6 18. Kh2 h6 19. Rf1 Qh5 20. Qe2 Ne7 21. Rae1 Bg4
22. Qb5 g5 23. Nxe5 Rxf1 24. Bxf1 Be6 25. b4 Bb6 26. Nef3 Rf8 27. Bg2 Nc6 28.
bxa5 Bxa5 29. Rf1 Bb6 30. Nd4 Rxf1 31. Qxf1 Qf7 32. Nxc6 Qxf1 33. Bxf1 bxc6 34.
Nc4 Bxc4 35. Bxc4 Ba5 36. Kg2 Kg7 37. Be6 Bxc3 38. Bd7 c5 39. Kf3 Kf6 40. Kg4
Ba5 41. Bb5 Bd2 42. Kf3 Ke7 43. Ke2 Ba5 44. Kd3 Kd8 45. Kc4 Bd2 46. Kd3 Bc1 47.
a5 Kc8 48. Bc6 Kb8 49. e5 dxe5 50. e4 h5 51. a6 Ka7 52. Bb5 h4 53. gxh4 gxh4
1/2-1/2

[Event "Kort Paaske 1 2012"]
[Site "Helsingor"]
[Date "2012.04.07"]
[Round "4"]
[White "Kaya Mortensen, Jan T"]
[Black "Sorensen, Per Settergren"]
[Result "0-1"]
[WhiteElo "2056"]
[BlackElo "2008"]
[PlyCount "70"]
[EventDate "2012.??.??"]
[EventCountry "DEN"]

1. d4 d5 2. Nf3 Nf6 3. e3 e6 4. Bd3 c5 5. b3 Nc6 6. O-O Be7 7. Nbd2 O-O 8. Bb2
b6 9. a3 Bb7 10. Qe2 Rc8 11. Rad1 Qc7 12. dxc5 bxc5 13. c4 Rfd8 14. e4 d4 15.
e5 Nd7 16. Rfe1 Nf8 17. h4 f5 18. Bc1 Ng6 19. g3 Rb8 20. Nf1 Ba8 21. Bf4 Rxb3
22. N1d2 Rb2 23. Kh2 Rdb8 24. h5 Nxf4 25. gxf4 Na5 26. Rg1 Nb3 27. Rg3 Nxd2 28.
Nxd2 Bf8 29. Rdg1 Qa5 30. Rd1 Bc6 31. Bxf5 exf5 32. e6 Qc7 33. Rdg1 Re8 34. h6
g6 35. Qd3 Qxf4 0-1

[Event "Kort Paaske 1 2012"]
[Site "Helsingor"]
[Date "2012.04.07"]
[Round "4"]
[White "Bonnez, Finn"]
[Black "Pedersen, Niels"]
[Result "1-0"]
[WhiteElo "1926"]
[BlackElo "1914"]
[PlyCount "57"]
[EventDate "2012.??.??"]
[EventCountry "DEN"]

1. d4 Nf6 2. Nf3 d5 3. Bf4 e6 4. e3 Bd6 5. Ne5 O-O 6. Bd3 c5 7. c3 Nc6 8. Bg3
cxd4 9. exd4 Qe7 10. Nd2 Nd7 11. f4 Bxe5 12. fxe5 f6 13. exf6 Nxf6 14. Nf3 Bd7
15. O-O Be8 16. Qc2 Bh5 17. Bh4 h6 18. Rae1 g5 19. Bg3 Bxf3 20. Rxf3 Rae8 21.
Bg6 Rc8 22. Qe2 Nd8 23. Ref1 Nc6 24. Bb1 Rce8 25. Bd6 Qxd6 26. Rxf6 Rxf6 27.
Rxf6 Re7 28. Qh5 Qd7 29. Rxh6 1-0

[Event "Kort Paaske 1 2012"]
[Site "Helsingor"]
[Date "2012.04.07"]
[Round "4"]
[White "Tandrup, Michael"]
[Black "Lindholdt, Malik"]
[Result "1/2-1/2"]
[WhiteElo "1920"]
[BlackElo "1935"]
[PlyCount "92"]
[EventDate "2012.??.??"]
[EventCountry "DEN"]

1. d4 Nf6 2. Nf3 g6 3. Bf4 Bg7 4. h3 O-O 5. e3 d6 6. Be2 Nbd7 7. c3 b6 8. O-O
Bb7 9. Nbd2 Re8 10. Qc2 e5 11. dxe5 Nxe5 12. Nxe5 dxe5 13. Bg5 Qd5 14. e4 Qc5
15. Be3 Qf8 16. a4 Bh6 17. Bxh6 Qxh6 18. Bf3 Qf8 19. g3 Qc5 20. b4 Qe7 21. Nc4
Qe6 22. Ne3 Qxh3 23. Bg2 Qe6 24. c4 Qe7 25. Rab1 c5 26. b5 Rad8 27. Nd5 Nxd5
28. exd5 Bc8 29. Ra1 Bf5 30. Qd2 Qf6 31. a5 Rd6 32. axb6 axb6 33. Ra7 Rd7 34.
Ra6 Kg7 35. f3 g5 36. Re1 Kf8 37. Qe3 Rd6 38. Rea1 h6 39. Qd2 Rd7 40. Re1 Qd6
41. Qc3 f6 42. Kf2 Rde7 43. Qe3 Kg7 44. Rh1 Bc8 45. Raa1 f5 46. Qc3 Rh8 1/2-1/2

[Event "Kort Paaske 1 2012"]
[Site "Helsingor"]
[Date "2012.04.07"]
[Round "4"]
[White "Wilbrandt, Simon Pil"]
[Black "Grau, Peter"]
[Result "0-1"]
[WhiteElo "1966"]
[BlackElo "2034"]
[PlyCount "130"]
[EventDate "2012.??.??"]
[EventCountry "DEN"]

1. d4 d5 2. c4 dxc4 3. e4 Nf6 4. e5 Nd5 5. Bxc4 Nc6 6. Nf3 Nb6 7. Bb3 Na5 8.
Bc2 Bg4 9. Nc3 e6 10. O-O Be7 11. h3 Bh5 12. Ne4 Nc6 13. Be3 Nb4 14. Nc5 Nxc2
15. Qxc2 Qd5 16. Ne4 Rc8 17. Nc3 Qc6 18. Ng5 Bg6 19. Qe2 h6 20. Nf3 Qd7 21. Nd2
O-O 22. Rad1 f5 23. f4 Rfd8 24. Nb3 Nd5 25. Rd2 Bf8 26. Rc1 Qe7 27. Rdc2 Nb4
28. Rd2 Nd5 29. Nc5 b6 30. N5a4 Nxe3 31. Qxe3 Be8 32. Qe2 Qh4 33. Rf1 Bb4 34.
Qc4 Qe7 35. a3 Bxa4 36. axb4 Be8 37. Kh2 c5 38. bxc5 Rxc5 39. dxc5 Rxd2 40. c6
Rd8 41. Rd1 Rxd1 42. Nxd1 b5 43. Qxb5 Qc7 44. Qb7 Qxc6 45. Qxa7 Kh7 46. Qe3 Qb5
47. b3 Bc6 48. Qc3 Bd5 49. b4 Qf1 50. Qd2 Bxg2 51. Qxg2 Qxd1 52. Qb2 Qf1 53.
Qd4 Qe2+ 54. Kg1 Qf3 55. Kh2 h5 56. Qc4 h4 57. Qxe6 Qg3+ 58. Kh1 Qxh3+ 59. Kg1
Qg4+ 60. Kh1 Qf3+ 61. Kg1 Qe3+ 62. Kh1 Qe4+ 63. Kg1 h3 64. Qa2 Qe3+ 65. Qf2 h2+
0-1

[Event "Kort Paaske 1 2012"]
[Site "Helsingor"]
[Date "2012.04.07"]
[Round "4"]
[White "Yssing, Klaus"]
[Black "Christensen, Esben"]
[Result "1/2-1/2"]
[WhiteElo "1945"]
[BlackElo "2022"]
[PlyCount "38"]
[EventDate "2012.??.??"]
[EventCountry "DEN"]

1. d4 Nf6 2. c4 c5 3. e3 d5 4. Nf3 Bg4 5. dxc5 e5 6. Be2 Nc6 7. Nc3 d4 8. exd4
exd4 9. Na4 Bf5 10. Nh4 Be6 11. O-O Ne4 12. Nf3 Nxc5 13. Nxc5 Bxc5 14. Bf4 h6
15. Ne1 Qf6 16. Nd3 Be7 17. b3 O-O 18. Re1 Bf5 19. Bg3 Rad8 1/2-1/2

[Event "Kort Paaske 1 2012"]
[Site "Helsingor"]
[Date "2012.04.07"]
[Round "5"]
[White "Tandrup, Michael"]
[Black "Kaya Mortensen, Jan T"]
[Result "0-1"]
[WhiteElo "1920"]
[BlackElo "2056"]
[PlyCount "46"]
[EventDate "2012.??.??"]
[EventCountry "DEN"]

1. d4 f5 2. e4 fxe4 3. Nc3 Nf6 4. Bg5 Nc6 5. f3 d5 6. Bb5 Bf5 7. Bxf6 exf6 8.
fxe4 Bxe4 9. Nxe4 dxe4 10. d5 a6 11. Ba4 b5 12. dxc6 bxa4 13. Qh5+ g6 14. Qa5
Rb8 15. Qxa4 Rb4 16. Qxa6 Rxb2 17. Qe2 Bb4+ 18. Kf1 Qd5 19. a3 Ba5 20. Nh3 Qxc6
21. Rc1 O-O 22. g3 Rd8 23. Qe3 Bd2 0-1

[Event "Kort Paaske 1 2012"]
[Site "Helsingor"]
[Date "2012.04.07"]
[Round "5"]
[White "Sorensen, Per Settergren"]
[Black "Lindestrom, Torsten"]
[Result "1/2-1/2"]
[WhiteElo "2008"]
[BlackElo "2131"]
[PlyCount "100"]
[EventDate "2012.??.??"]
[EventCountry "DEN"]

1. e4 d5 2. exd5 Qxd5 3. Nc3 Qd6 4. d4 Nf6 5. Nf3 c6 6. Ne5 Nbd7 7. Bf4 Nd5 8.
Nxd5 Qxd5 9. Qd3 Nxe5 10. dxe5 Be6 11. Qxd5 Bxd5 12. f3 g6 13. c4 Be6 14. O-O-O
Bg7 15. Be2 Rd8 16. g4 h5 17. h3 hxg4 18. Rxd8+ Kxd8 19. Rd1+ Ke8 20. hxg4 g5
21. Bg3 Rh3 22. Rg1 c5 23. b3 Bd7 24. Bf1 Rh6 25. Bd3 Bc6 26. f4 gxf4 27. Bxf4
Rh3 28. Kc2 Rh4 29. Bf5 Rh3 30. Rf1 b6 31. g5 Rh4 32. g6 fxg6 33. Bxg6+ Kd8 34.
Rd1+ Kc8 35. Bg3 Be4+ 36. Kc1 Rg4 37. Bxe4 Rxe4 38. Rd5 e6 39. Rd3 Bxe5 40.
Bxe5 Rxe5 41. Rd2 Kc7 42. Kc2 Re3 43. Rh2 Kc6 44. a4 Kb7 45. Rh7+ Ka6 46. Re7
e5 47. a5 e4 48. axb6 axb6 49. Re8 b5 50. Rb8 bxc4 1/2-1/2

[Event "Kort Paaske 1 2012"]
[Site "Helsingor"]
[Date "2012.04.07"]
[Round "5"]
[White "Jensen, Thore Nyboe"]
[Black "Olsen, Michael Richard W"]
[Result "1-0"]
[WhiteElo "1926"]
[BlackElo "1938"]
[PlyCount "57"]
[EventDate "2012.??.??"]
[EventCountry "DEN"]

1. e4 c6 2. Nf3 d5 3. Nc3 dxe4 4. Nxe4 Nf6 5. Ng3 Qc7 6. d4 e6 7. c4 b6 8. Bd3
Bd6 9. Qe2 Nbd7 10. Nf5 Bb4+ 11. Kf1 O-O 12. a3 exf5 13. axb4 Re8 14. Qd2 Ne4
15. Qf4 Qxf4 16. Bxf4 c5 17. bxc5 bxc5 18. d5 f6 19. h4 Ne5 20. Bxe5 fxe5 21.
Bxe4 fxe4 22. Nd2 Bf5 23. Ke2 Reb8 24. b3 a5 25. Ra2 Ra6 26. Rha1 Rba8 27. Ke3
Kf7 28. g4 Bxg4 29. Nxe4 1-0

[Event "Kort Paaske 1 2012"]
[Site "Helsingor"]
[Date "2012.04.07"]
[Round "5"]
[White "Surender, Anil"]
[Black "Bonnez, Finn"]
[Result "1/2-1/2"]
[WhiteElo "1993"]
[BlackElo "1926"]
[PlyCount "33"]
[EventDate "2012.??.??"]
[EventCountry "DEN"]

1. d4 d5 2. c4 e6 3. Nc3 Nf6 4. cxd5 exd5 5. Bg5 Be7 6. e3 O-O 7. Qc2 Nbd7 8.
Bd3 Re8 9. Nge2 Nf8 10. O-O c6 11. f3 Be6 12. Rad1 a6 13. e4 dxe4 14. fxe4 Ng6
15. h3 Rc8 16. Qd2 b5 17. a3 1/2-1/2

[Event "Kort Paaske 1 2012"]
[Site "Helsingor"]
[Date "2012.04.07"]
[Round "5"]
[White "Kragh, Niels Kristian"]
[Black "Larsen, Ole Bogh"]
[Result "0-1"]
[WhiteElo "2112"]
[BlackElo "2120"]
[PlyCount "60"]
[EventDate "2012.??.??"]
[EventCountry "DEN"]

1. e4 e6 2. d4 d5 3. Nc3 Bb4 4. e5 c5 5. a3 Bxc3+ 6. bxc3 Qc7 7. Qg4 f6 8. Bd3
Qf7 9. Nf3 c4 10. Be2 Nc6 11. a4 Bd7 12. O-O O-O-O 13. Ba3 Nh6 14. Qh3 Nf5 15.
Rab1 h5 16. exf6 gxf6 17. Nh4 Nce7 18. Nxf5 Nxf5 19. a5 Rdg8 20. a6 b6 21. Bxc4
e5 22. Qf3 Be6 23. Bxd5 Rxg2+ 24. Kh1 Bxd5 25. Qxf5+ Qd7 26. Qxd7+ Kxd7 27. f3
Rhg8 28. h3 Rxc2 29. Rbc1 Ra2 30. c4 Rgg2 0-1

[Event "Kort Paaske 1 2012"]
[Site "Helsingor"]
[Date "2012.04.07"]
[Round "5"]
[White "Grau, Peter"]
[Black "Yildiz, Hasan"]
[Result "1-0"]
[WhiteElo "2034"]
[BlackElo "1949"]
[PlyCount "89"]
[EventDate "2012.??.??"]
[EventCountry "DEN"]

1. e4 d6 2. d4 Nf6 3. Nc3 g6 4. f4 Bg4 5. Be2 Bxe2 6. Qxe2 Bg7 7. Nf3 O-O 8.
Be3 c6 9. Rd1 Qa5 10. O-O Ng4 11. Bc1 Nd7 12. Ng5 Nh6 13. f5 c5 14. Nd5 Bxd4+
15. Rxd4 cxd4 16. Nh3 Nxf5 17. b4 Qxa2 18. Qb5 Nb6 19. Nxb6 axb6 20. exf5 Qxc2
21. Bh6 Rfe8 22. Qd5 Ra2 23. fxg6 Qxg2+ 24. Qxg2 Rxg2+ 25. Kxg2 hxg6 26. Ng5 f5
27. Ne6 Kf7 28. Nxd4 e5 29. Nb5 Rh8 30. Be3 Rh4 31. Nxd6+ Ke6 32. Nc8 Rxb4 33.
Rd1 f4 34. Rd6+ Kf5 35. Ne7+ Ke4 36. Rxb6 Ra4 37. Bf2 g5 38. h3 Kd3 39. Rb3+
Ke2 40. Nd5 e4 41. Nc3+ Kd2 42. Nxa4 e3 43. Rb2+ Kd3 44. Be1 Ke4 45. Nc5+ 1-0

[Event "Kort Paaske 1 2012"]
[Site "Helsingor"]
[Date "2012.04.07"]
[Round "5"]
[White "Lindholdt, Malik"]
[Black "Pedersen, Niels"]
[Result "1/2-1/2"]
[WhiteElo "1935"]
[BlackElo "1914"]
[PlyCount "80"]
[EventDate "2012.??.??"]
[EventCountry "DEN"]

1. e4 e5 2. Nf3 Nc6 3. d4 exd4 4. Nxd4 Bc5 5. Nxc6 Qf6 6. Qf3 Qxc6 7. Nc3 Ne7
8. Be3 Bb4 9. Bd4 O-O 10. O-O-O Bc5 11. Nd5 Nxd5 12. exd5 Qh6+ 13. Kb1 Bxd4 14.
Rxd4 d6 15. Bd3 Bd7 16. g3 g6 17. h4 Qg7 18. Re4 f5 19. Re2 Rae8 20. Rhe1 Rxe2
21. Rxe2 Qf7 22. Qf4 Re8 23. c4 Rxe2 24. Bxe2 Qe7 25. Qd2 f4 26. Bd3 fxg3 27.
fxg3 Qe5 28. Qf2 b6 29. b3 Kg7 30. a4 a5 31. Kc2 Qa1 32. Qe3 Qe5 33. Kd2 Qxe3+
34. Kxe3 Bg4 35. Bc2 Kf6 36. Kf4 h5 37. Ke3 g5 38. Kf2 gxh4 39. gxh4 Ke5 40.
Ke3 Bf5 1/2-1/2

[Event "Kort Paaske 1 2012"]
[Site "Helsingor"]
[Date "2012.04.07"]
[Round "5"]
[White "Yssing, Klaus"]
[Black "Wilbrandt, Simon Pil"]
[Result "1/2-1/2"]
[WhiteElo "1945"]
[BlackElo "1966"]
[PlyCount "45"]
[EventDate "2012.??.??"]
[EventCountry "DEN"]

1. e4 c5 2. c3 d5 3. exd5 Qxd5 4. d4 Nc6 5. Nf3 Bg4 6. Be2 cxd4 7. cxd4 e6 8.
Nc3 Qa5 9. O-O Nf6 10. h3 Bh5 11. a3 Be7 12. Be3 O-O 13. b4 Qd8 14. Qb3 Qd6 15.
Rfd1 Rfd8 16. Ra2 Bf8 17. Rad2 Ne7 18. Bg5 Nfd5 19. Nxd5 Qxd5 20. Bc4 Qd6 21.
Re1 Rac8 22. d5 e5 23. Bxe7 1/2-1/2